000 00456nam a22001817a 4500
003 MPLRDC
005 20220104142935.0
008 210129b ||||| |||| 00| 0 eng d
020 _a7-5313-0266-7
082 _a293.23 ZYW
100 _a张耀文等著
245 _a中国秘传手相术
_c高松等译
250 _a一版一刷
260 _a
_b春风文艺出版社
_c1989
300 _b
650 _a相书--手相
942 _cBK
_o293.23 ZYW
999 _c35090
_d35080